000 00902nam a2200253Ia 4500
003 OSt
005 20220930193251.0
006 a|||||r|||| 00| 0
007 ta
008 220926b |||||||| |||| 00| 0 eng d
024 _a11290
037 _cDissertations
040 _aCRL
_cCRL
_beng
041 _2eng
_aeng
100 _aMullick Alpna
_9562127
110 _aUniversity of Delhi. Faculty of Medical Sciences. Department of Obstetrics and Gynaecology
245 0 _aComparative study of booked and unbooked antenatal cases to elucidate factors responsible for maternal and fetal outcome
260 _c1993
650 _aWOMEN - DISEASES
700 _a Dr M K Baul Supervisor
_9530406
700 _aUniversity of Delhi. Faculty of Medical Sciences. Department of Obstetrics and Gynaecology
942 _cDIS
_2CC
999 _c896274
_d896274